000 00633nam a22002057a 4500
001 2162214035924038
003 UA-OsUOA
005 20230913123808.0
008 230913b un ||||| |||| 00| 0 ukr d
040 _aUA-OsUOA
_bukr
_cUA-OsUOA
_dUA-OsUOA
041 _aukr
080 _a82
090 _a82
_bС38
100 _aСингаївський М.
245 _aПоезії
_cМикола Сингаївський
260 _aКиїв
_bВидавництво ЦК ЛКСМУ "Молодь"
_c1966
300 _a188 с.
650 _2UDC
_a82 Література. Літературознавство
942 _2udc
_cBK
999 _c575091
_d575091